Country shapes by pixel art - Statistics

General Stats
  • This quiz has been taken 33 times
  • The average score is 17 of 20
Answer Stats
Picture Answer % Correct
Papua New Guinea
100%
Brazil
96%
Somalia
96%
Spain
93%
Algeria
89%
China
89%
Greece
89%
Mali
89%
Moldova
86%
Albania
82%
Colombia
82%
Netherlands
82%
Oman
82%
Russia
82%
Cameroon
79%
Costa Rica
79%
Estonia
79%
Jordan
75%
Uganda
75%
Armenia
71%
No matching quizzes found
Score Distribution
Percent of People with Each Score
Percentile by Number Answered
Your Score History
You have not taken this quiz